000 00403nam a2200157Ia 4500
008 160316s1997 xxu||||| |||| 00| 0 eng d
082 _a923.200000
_bGHA
100 _aGhatak B R
245 _aAmbedkar's thought
250 _a
260 _aNew Delhi
_bA P H Publishing Co.
_c1997
300 _a247p
_b
_c
365 _bRs.500/-
650 _a1. Ambedkar - Selected Speeches - Writings
700 _a
_a
999 _c12552
_d12552